COURT OF APPEAL CIVIL APPLICATION NO. 62 OF 2014 COMMISSIONER CUSTOMS UGANDA REVENUE AUTHORITY VS KAYUMBA EMILE OGANE T/A ETS OGANE COMPANY (Record no. 8673)
[ view plain ]
| 000 -LEADER | |
|---|---|
| fixed length control field | 00526nam a22001097a 4500 |
| 008 - FIXED-LENGTH DATA ELEMENTS--GENERAL INFORMATION | |
| fixed length control field | 190704b xxu||||| |||| 00| 0 eng d |
| 010 ## - LIBRARY OF CONGRESS CONTROL NUMBER | |
| LC control number | CACAF:69B |
| 245 ## - TITLE STATEMENT | |
| Title | COURT OF APPEAL CIVIL APPLICATION NO. 62 OF 2014 COMMISSIONER CUSTOMS UGANDA REVENUE AUTHORITY VS KAYUMBA EMILE OGANE T/A ETS OGANE COMPANY |
| 260 ## - PUBLICATION, DISTRIBUTION, ETC. (IMPRINT) | |
| Place of publication, distribution, etc | COURT OF APPEAL KAMPALA |
| Date of publication, distribution, etc | 2014 |
| 500 ## - GENERAL NOTE | |
| General note | HON. JUSTICE KENNETH KAKURU (SINGLE JUSTICE) |
| 500 ## - GENERAL NOTE | |
| General note | <br/>ARISING OUT OF CIVIL APPLICATION NO. 61 OF 2014<br/>(ARISING FROM HIGH COURT MISCELLANEOUS CAUSE NO 49 OF 2013) |
| Withdrawn status | Lost status | Source of classification or shelving scheme | Damaged status | Koha normalized classification for sorting | Not for loan | Location (home branch) | Sublocation or collection (holding branch) | Shelving location | Date acquired | Koha issues (times borrowed) | Koha full call number | Piece designation (barcode) | Koha date last seen | Price effective from | Koha item type | Public note |
|---|---|---|---|---|---|---|---|---|---|---|---|---|---|---|---|---|
| Dewey Decimal Classification | CACAF_69B | Law Development Centre Main Library | Law Development Centre Main Library | Law Reports | 07/04/2019 | CACAF:69B | 470/2019 | 07/04/2019 | 07/04/2019 | Un Reported Cases | JUDGEMENT WAS ENTERED ON3RD OF MAY 2014. |
